Le néogothique dans les familles, fantaisie psychanalytique (notice n° 1605911)
[ vue normale ]
| 000 -LEADER | |
|---|---|
| fixed length control field | 02064cam a2200169 4500500 |
| 005 - DATE AND TIME OF LATEST TRANSACTION | |
| control field | 20251228095227.0 |
| 041 ## - LANGUAGE CODE | |
| Language code of text/sound track or separate title | fre |
| 042 ## - AUTHENTICATION CODE | |
| Authentication code | dc |
| 100 10 - MAIN ENTRY--PERSONAL NAME | |
| Personal name | Sag, Jean-Pierre |
| Relator term | author |
| 245 00 - TITLE STATEMENT | |
| Title | Le néogothique dans les familles, fantaisie psychanalytique |
| 260 ## - PUBLICATION, DISTRIBUTION, ETC. | |
| Date of publication, distribution, etc. | 2005.<br/> |
| 500 ## - GENERAL NOTE | |
| General note | 74 |
| 520 ## - SUMMARY, ETC. | |
| Summary, etc. | RésuméL’étude psychanalytique de la réception esthétique individuelle, attentive au fantasme, à la fantaisie subjective, à la confidence autobiographique, à la réminiscence culturelle, peut-elle s’élargir à la réception collective ? Les processus affectifs susceptibles de rendre compte d’un goût personnel pour un style (en l’occurrence le néogothique) peuvent-ils être transposés à l’échelle sociale ? À quel équivalent historique d’un conflit inconscient, d’un trauma ou d’un événement passé non élaboré psychiquement pourrait correspondre la résurgence d’une forme dans l’histoire ? D’une manière générale, les systèmes symboliques de déplacement psychique pourraient-ils se retrouver à l’échelle des sociétés et par rapport à quel sujet inconscient de l’histoire ? |
| 520 ## - SUMMARY, ETC. | |
| Summary, etc. | Can the psycho-analytic study of the individual aesthetic reception – attentive to phantasm, to subjective fantasy, to autobiographic confession, to cultural recollection – be expanded to collective reception ? Can the affective processes underlying personal tastes for certain styles (here, the neogothic style) be transposed to the social scale ? To what historical equivalent of an unconscious conflict, of a trauma or of a past event psychically unelaborated could the resurgence of a form in history correspond ? More generally speaking, could the symbolic systems of psychic movement be found at the scale of societies and in relation to what unconscious subject of history ? |
| 786 0# - DATA SOURCE ENTRY | |
| Note | Sociétés & Représentations | 20 | 2 | 2005-09-01 | p. 24-29 | 1262-2966 |
| 856 41 - ELECTRONIC LOCATION AND ACCESS | |
| Uniform Resource Identifier | <a href="https://shs.cairn.info/revue-societes-et-representations-2005-2-page-24?lang=fr&redirect-ssocas=7080">https://shs.cairn.info/revue-societes-et-representations-2005-2-page-24?lang=fr&redirect-ssocas=7080</a> |
Pas d'exemplaire disponible.




Réseaux sociaux